Evénements du 26 février - Statistiques

Statistiques générales
  • Ce quiz a été pris 38 fois
  • Le résultat moyen est 6 sur 15
Statistiques - réponses
Hint Réponse % Correct
Jean-Pierre Papin débute en équipe de France 1986
84%
L'Angleterre annonce posséder la bombe atomique 1952
81%
Napoléon s'évade de l'île d'Elbe 1815
71%
Naissance de Victor Hugo 1802
61%
Division de la France en 83 départements 1790
45%
Signature du traité préliminaire de paix entre la France et la Prusse 1871
45%
1ère démonstration du radar 1935
45%
Naissance du musicien Fats Domino 1928
39%
Naissance du dramaturge anglais Christopher Marlowe 1564
35%
Naissance d'Oscar Lévi Strauss inventeur du bleu-jeans 1829
32%
Fin de la conférence de Berlin qui partage l'Afrique entre les nations européennes 1885
32%
Naissance de François Arago, mathématicien 1786
29%
Naissance du futur tsar Alexandre III 1845
19%
Naissance de Buffalo Bill 1846
16%
Naissance du dessinateur Honoré Daumier 1808
13%
Aucun quiz correspondant
Distribution des résultats
% des personnes avec chaque résultat
Percentile par nombre de réponses
Votre historique - résultats
Vous n’avez pas pris ce quiz